| 000 | 00675nam a22001937a 4500 | ||
|---|---|---|---|
| 005 | 20100806110156.0 | ||
| 010 | _aENG-98604 | ||
| 020 |
_a9788190715335 _c70.00 |
||
| 035 | _aEN-82137 | ||
| 037 | _bDBAD/PUB | ||
| 082 | _a616.4 | ||
| 100 |
_aKavitha,J. _98766 |
||
| 245 |
_aHandbook of endocrinology / _cby J. Kavitha |
||
| 260 |
_aVandavasi _bThiruvalluvar Publications _c2009 |
||
| 270 |
_aChetput Road _bArunachal _e604508 |
||
| 300 |
_a108p.: _bill. _c21cm (pbk) |
||
| 942 |
_2ddc _cEN _h616.4 _mKAV |
||
| 999 |
_c39640 _d39640 |
||